| 000 | 01195cam a2200301 a 4500 | ||
|---|---|---|---|
| 001 | 12485 | ||
| 003 | BD-RjUL | ||
| 005 | 20211208235313.0 | ||
| 008 | 140129s1981 enka b 101 0 eng d | ||
| 020 | _a0632005254 | ||
| 035 | _a(BD-RjUL)12534 | ||
| 040 |
_aLC _beng _cLC _dVU _dAS:PE _dBD-RjUL |
||
| 041 | _aeng | ||
| 082 | 0 | 4 |
_a581.542 _219 _bBRP 1981 |
| 110 | 2 |
_aBritish Ecological Society. _bSymposium _n(21st :, _d1979 : _cEdinburgh, Scotland) _938870 |
|
| 245 | 1 | 0 |
_aPlants and their atmospheric environment : _bthe 21st Symposium of the British Ecological Society, Edinburgh, 1979 / _cedited by J. Grace, E.D. Ford, and P.G. Jarvis. |
| 260 |
_aOxford ; _aBoston : _bBlackwell Scientific Publications ; _aNew York : _bDistributed by Halsted Press, _c1981. |
||
| 300 |
_aviii, 419 p. : _bill. ; _c25 cm. |
||
| 504 | _aIncludes bibliographies and index. | ||
| 650 | 0 |
_aPlant-atmosphere relationships _xCongresses. _938865 |
|
| 650 | 0 |
_aPlant ecophysiology. _938866 |
|
| 700 | 1 |
_aJarvis, P. G. _q(Paul Gordon), _d1935- _938867 |
|
| 700 | 1 |
_aGrace, J. _q(John), _d1945- _938868 |
|
| 700 | 1 |
_aFord, E. D. _q(Edward David) _938869 |
|
| 942 |
_2ddc _cBK |
||
| 999 |
_c12485 _d12485 |
||